000 00854nas a2200277 454500
001 44896
005 20260407193511.0
008 260407s1991####ag###########|||spa#d
003 AR-UNSa-BCEJYS
040 _aAR-UNSa-BCEJYS
_bspa
_cAR-UNSa-BCEJYS
080 _a331.5
_xMercado de Trabajo. Empleo
245 1 0 _aEstudios del trabajo
022 _a0327-5744
264 1 _aBuenos Aires :
_bASET
_c1991
310 _aFrecuencia: Semestral
041 _aspa
942 _cSER
590 _aniveau_biblio:s niveau_hierar:1
100 1 _aAsociación Argentina de Especialistas en Estudios del Trabajo (ASET)
650 _aTrabajo
650 _aSociología
650 _aMercado de trabajo
650 _aECONOMIA
650 _aDESARROLLO SOCIAL
856 4 1 _uhttps://www.biblioeco.unsa.edu.ar/pmb/images/revistas/R21664.jpg
_yImagen de portada
_qimage/jpeg
999 _c8929
_d8929